Escudos Futbol Europa #2 - Estadísticas

Estadísticas generales
  • Esta prueba ha sido intentada 18 veces
    13 desde el último reinicio
  • La puntuación promedio es 46 de 100
Estadísticas de respuestas
Imagen Respuesta % Correcto
St Johnstone
92%
Vitesse
92%
Cracovia
83%
Hacken
83%
Tre Penne
83%
U Craiova
83%
Jablonec
75%
Rakow
75%
Sivasspor
75%
Wolfsberger
75%
Derry City
67%
Dinamo Batumi
67%
Dundalk
67%
Go Ahead Eagles
67%
Kalmar
67%
Motherwell
67%
Osijek
67%
Riga
67%
Alanyaspor
58%
Brann
58%
Breidablik
58%
Drita
58%
Dundee United
58%
Fehervar
58%
Gil Vicente
58%
Hamrun Spartans
58%
KuPS
58%
Lokomotiv Moscu
58%
Mura
58%
Pyunik
58%
Randers
58%
Rijeka
58%
Rio Ave
58%
Santa Clara
58%
Shkendija
58%
St Mirren
58%
Adana Demirspor
50%
Arouca
50%
Banik
50%
Beitar Jerusalem
50%
Buducnost
50%
Charleroi
50%
Hapoel Beer Sheva
50%
Hartberg
50%
Konyaspor
50%
La Fiorita
50%
Levadia
50%
Paide
50%
Partizani
50%
Sarajevo
50%
Sepsi
50%
Slovacko
50%
Suduva
50%
Tirana
50%
Viking
50%
Zilina
50%
Alashkert
42%
Asteras Tripolis
42%
Bohemians Praga
42%
Dinamo Moscu
42%
Gzira United
42%
Panevezys
42%
Sutjeska
42%
Viborg
42%
Zalgiris Vilnius
42%
B36 Torshavn
33%
Hammarby
33%
Kilmarnock
33%
Lillestrom
33%
Paços Ferreira
33%
Silkeborg
33%
Slovan Liberec
33%
Sonderjyske
33%
St patrick's
33%
Tromso
33%
Willem II
33%
AEK Larnaca
25%
AGF
25%
Apollon Limassol
25%
Aris Limassol
25%
DAC
25%
Dnipro1
25%
Kairat Almaty
25%
Linfield
25%
Piast Gliwice
25%
Tobol
25%
Valerenga
25%
Vojvodina
25%
Zrinjski Mostar
25%
Anorthosis
17%
Aris Thessaloniki
17%
Cukaricki
17%
Debrecen
17%
Nordsjaelland
17%
OFI
17%
Pogon Szczecin
17%
Slask Wroclaw
17%
Ararat
8%
Neftci
8%
Puskas Akademia
8%
No se encontraron pruebas coincidentes
Distribución de puntuación
Porcentaje de gente con cada puntuación
Porcentaje por número respondido
Historial de tus puntuaciones
No has intentado esta prueba desde el último reinicio